000 00413cam a22001217a 4500
008 180718b1969 xxu||||| |||| 00| 0 eng d
082 _aT212x42 T314
245 _aManagement in the textile industry
_cby The Textile Institute, United Kingdom
260 _aLondon
_bLongmans
_c1969
300 _axii, 557p.
650 _aTextile industry --Great Britain --Management
700 _aUnited Kingdom. The Textile Institute
999 _c430162
_d430162